[Event "World Chess Olympiad 2018"]
[Site "Batumi"]
[Date "2018.10.03"]
[Round "9"]
[Board "4"]
[WhiteFideId "101710"]
[White "Rodi Luis Ernesto"]
[BlackFideId "623830"]
[Black "Nelis Jean-Francois"]
[Result "1-0"]
[LiveChessVersion "1.4.8"]
[BlackElo "2154"]
[WhiteElo "2308"]

1. e4 {[%clk 1:30:52]} c5 {[%clk 1:30:32]} 2. Nc3 {[%clk 1:31:12]} a6
{[%clk 1:29:46]} 3. Nf3 {[%clk 1:30:55]} e6 {[%clk 1:30:04]} 4. d4
{[%clk 1:31:18]} cxd4 {[%clk 1:30:29]} 5. Nxd4 {[%clk 1:31:43]} Qc7
{[%clk 1:30:37]} 6. Bd3 {[%clk 1:32:05]} Nf6 {[%clk 1:28:08]} 7. O-O
{[%clk 1:32:26]} Bc5 {[%clk 1:24:47]} 8. Nb3 {[%clk 1:32:34]} Ba7
{[%clk 1:22:57]} 9. Qf3 {[%clk 1:32:54]} d6 {[%clk 1:22:35]} 10. Bg5
{[%clk 1:32:59]} Nbd7 {[%clk 1:22:55]} 11. Qg3 {[%clk 1:33:07]} b5
{[%clk 1:17:17]} 12. Bxb5 {[%clk 1:28:43]} axb5 {[%clk 1:17:20]} 13. Nxb5
{[%clk 1:29:07]} Qb6 {[%clk 1:03:33]} 14. Nxd6+ {[%clk 1:28:53]} Kf8
{[%clk 1:00:17]} 15. e5 {[%clk 1:27:37]} Ne8 {[%clk 0:52:02]} 16. Qf3
{[%clk 1:17:38]} Nxd6 {[%clk 0:42:43]} 17. Qxa8 {[%clk 1:14:01]} Qb7
{[%clk 0:39:15]} 18. Qxb7 {[%clk 1:14:23]} Nxb7 {[%clk 0:39:43]} 19. Bf4
{[%clk 1:14:24]} g5 {[%clk 0:31:18]} 20. Bxg5 {[%clk 1:12:22]} Rg8
{[%clk 0:30:20]} 21. Bf4 {[%clk 1:12:06]} Rg4 {[%clk 0:26:00]} 22. g3
{[%clk 1:11:32]} Nd8 {[%clk 0:21:06]} 23. Rfd1 {[%clk 1:10:56]} Ke7
{[%clk 0:20:32]} 24. Na5 {[%clk 1:08:26]} Bb8 {[%clk 0:15:09]} 25. Nc4
{[%clk 1:04:53]} Nc6 {[%clk 0:12:24]} 26. Nd6 {[%clk 1:04:59]} Ba6
{[%clk 0:12:01]} 27. Nxf7 {[%clk 1:04:42]} Rg7 {[%clk 0:11:46]} 28. Bg5+
{[%clk 1:02:24]} Ke8 {[%clk 0:11:03]} 29. Nd6+ {[%clk 1:02:42]} Kf8
{[%clk 0:06:17]} 30. Bh6 {[%clk 1:03:00]} 1-0

[Event "World Chess Olympiad 2018"]
[Site "Batumi"]
[Date "2018.10.03"]
[Round "9"]
[Board "1"]
[WhiteFideId "7400179"]
[White "Elliott Warren"]
[BlackFideId "2401878"]
[Black "Tate Alan"]
[Result "1-0"]
[LiveChessVersion "1.4.8"]
[BlackElo "2345"]
[WhiteElo "2206"]

1. d4 {[%clk 1:30:54]} d5 {[%clk 1:30:42]} 2. c4 {[%clk 1:30:38]} c6
{[%clk 1:31:07]} 3. Nf3 {[%clk 1:30:47]} Nf6 {[%clk 1:31:23]} 4. Qb3
{[%clk 1:30:30]} dxc4 {[%clk 1:31:33]} 5. Qxc4 {[%clk 1:30:54]} Bg4
{[%clk 1:31:48]} 6. Nbd2 {[%clk 1:30:27]} Nbd7 {[%clk 1:31:13]} 7. g3
{[%clk 1:30:38]} e6 {[%clk 1:31:16]} 8. Bg2 {[%clk 1:31:03]} Be7 {[%clk 1:31:09]}
9. O-O {[%clk 1:29:39]} O-O {[%clk 1:31:14]} 10. Re1 {[%clk 1:16:36]} Rc8
{[%clk 1:29:16]} 11. Qb3 {[%clk 1:09:33]} b5 {[%clk 1:11:24]} 12. a4
{[%clk 1:05:19]} a6 {[%clk 1:07:43]} 13. axb5 {[%clk 1:00:23]} axb5
{[%clk 1:08:10]} 14. Ra6 {[%clk 0:59:59]} Bd6 {[%clk 1:06:29]} 15. Qc2
{[%clk 0:52:49]} Nb8 {[%clk 1:03:30]} 16. Ra8 {[%clk 0:52:10]} Qb6
{[%clk 0:57:28]} 17. e4 {[%clk 0:49:19]} Bb4 {[%clk 0:54:20]} 18. e5
{[%clk 0:23:51]} Bf5 {[%clk 0:50:05]} 19. Qb3 {[%clk 0:22:58]} Nd5
{[%clk 0:50:29]} 20. Nh4 {[%clk 0:09:06]} Bg4 {[%clk 0:33:21]} 21. Bxd5
{[%clk 0:08:36]} Bxd2 {[%clk 0:33:46]} 22. Bxd2 {[%clk 0:08:57]} cxd5
{[%clk 0:34:05]} 23. Bb4 {[%clk 0:08:33]} Nc6 {[%clk 0:29:16]} 24. Bxf8
{[%clk 0:06:11]} Rxa8 {[%clk 0:29:41]} 25. Bc5 {[%clk 0:06:34]} Qa5
{[%clk 0:29:28]} 26. Qe3 {[%clk 0:05:10]} Qa2 {[%clk 0:27:01]} 27. Qf4
{[%clk 0:03:25]} Bh5 {[%clk 0:26:49]} 28. Qd2 {[%clk 0:01:12]} Na5
{[%clk 0:21:37]} 29. Qb4 {[%clk 0:00:35]} Qa4 {[%clk 0:21:56]} 30. Qd2
{[%clk 0:00:34]} Nb3 {[%clk 0:20:27]} 31. Qg5 {[%clk 0:00:59]} Qa5
{[%clk 0:20:28]} 32. Re3 {[%clk 0:00:35]} Qa1+ {[%clk 0:19:52]} 33. Kg2
{[%clk 0:01:02]} Nd2 {[%clk 0:20:10]} 34. g4 {[%clk 0:00:33]} Qf1+
{[%clk 0:13:09]} 35. Kg3 {[%clk 0:01:01]} Qg1+ {[%clk 0:06:12]} 36. Kh3
{[%clk 0:01:27]} Qf1+ {[%clk 0:03:50]} 37. Ng2 {[%clk 0:01:35]} Bg6
{[%clk 0:03:57]} 38. Ra3 {[%clk 0:01:57]} Re8 {[%clk 0:03:03]} 39. Qxd2
{[%clk 0:02:25]} Be4 {[%clk 0:02:33]} 40. Rg3 {[%clk 0:31:00]} h5
{[%clk 0:32:56]} 41. gxh5 {[%clk 0:23:17]} Qh1 {[%clk 0:33:18]} 42. Ne3
{[%clk 0:21:06]} Ra8 {[%clk 0:33:34]} 43. Qe2 {[%clk 0:16:13]} g6
{[%clk 0:32:56]} 44. f3 {[%clk 0:12:48]} Bb1 {[%clk 0:33:09]} 45. hxg6
{[%clk 0:12:09]} Kg7 {[%clk 0:31:44]} 46. gxf7+ {[%clk 0:09:59]} Kxf7
{[%clk 0:32:11]} 47. Rg4 {[%clk 0:09:46]} Rh8+ {[%clk 0:32:19]} 48. Rh4
{[%clk 0:08:43]} Rg8 {[%clk 0:32:43]} 49. Rf4+ {[%clk 0:08:44]} Bf5+
{[%clk 0:31:46]} 50. Nxf5 {[%clk 0:08:57]} exf5 {[%clk 0:32:12]} 51. Rxf5+
{[%clk 0:06:29]} Kg6 {[%clk 0:32:26]} 52. Rf6+ {[%clk 0:06:47]} Kh5
{[%clk 0:32:16]} 53. f4+ {[%clk 0:07:05]} Rg4 {[%clk 0:32:36]} 54. Qxg4#
{[%clk 0:07:30]} 1-0

[Event "World Chess Olympiad 2018"]
[Site "Batumi"]
[Date "2018.10.03"]
[Round "9"]
[Board "2"]
[WhiteFideId "2402564"]
[White "Sreeves Clement"]
[BlackFideId "7400330"]
[Black "Lorne Ras Malaku"]
[Result "1/2-1/2"]
[LiveChessVersion "1.4.8"]
[BlackElo "2161"]
[WhiteElo "2382"]

1. e4 {[%clk 1:30:56]} e5 {[%clk 1:30:45]} 2. Nf3 {[%clk 1:31:20]} Nc6
{[%clk 1:31:03]} 3. Bb5 {[%clk 1:31:44]} a6 {[%clk 1:31:18]} 4. Ba4
{[%clk 1:32:09]} Nf6 {[%clk 1:31:35]} 5. O-O {[%clk 1:32:31]} b5 {[%clk 1:30:51]}
6. Bb3 {[%clk 1:32:54]} Be7 {[%clk 1:31:14]} 7. Re1 {[%clk 1:33:10]} d6
{[%clk 1:31:22]} 8. c3 {[%clk 1:33:29]} O-O {[%clk 1:31:29]} 9. h3
{[%clk 1:33:53]} Na5 {[%clk 1:31:30]} 10. Bc2 {[%clk 1:34:16]} c5
{[%clk 1:31:46]} 11. d4 {[%clk 1:34:39]} Nd7 {[%clk 1:31:51]} 12. b3 exd4
{[%clk 1:25:42]} 13. cxd4 {[%clk 1:33:52]} Nc6 {[%clk 1:25:35]} 14. Nc3
{[%clk 1:33:09]} cxd4 {[%clk 1:12:36]} 15. Nd5 {[%clk 1:33:15]} Bf6
{[%clk 1:08:01]} 16. Nxf6+ {[%clk 1:21:19]} Qxf6 {[%clk 1:07:43]} 17. Bg5
{[%clk 1:19:47]} Qe6 {[%clk 1:06:26]} 18. Nxd4 {[%clk 1:18:37]} Nxd4
{[%clk 1:04:29]} 19. Qxd4 {[%clk 1:18:59]} f6 {[%clk 0:55:18]} 20. Bf4
{[%clk 1:04:48]} Ne5 {[%clk 0:55:15]} 21. Red1 {[%clk 1:03:56]} g5
{[%clk 0:53:21]} 22. Bg3 {[%clk 1:02:34]} Rd8 {[%clk 0:51:28]} 23. Rd2
{[%clk 0:41:57]} Bb7 {[%clk 0:49:23]} 24. Qb6 {[%clk 0:35:47]} Qe7
{[%clk 0:49:24]} 25. Rad1 {[%clk 0:33:42]} Rac8 {[%clk 0:49:10]} 26. Bxe5
{[%clk 0:27:20]} fxe5 {[%clk 0:49:10]} 27. b4 {[%clk 0:27:37]} Kg7
{[%clk 0:31:13]} 28. Bb3 {[%clk 0:24:01]} Rc6 {[%clk 0:30:42]} 29. Qe3
{[%clk 0:24:11]} Bc8 {[%clk 0:24:29]} 30. Bd5 {[%clk 0:20:06]} Rc7
{[%clk 0:24:41]} 31. Qb6 {[%clk 0:20:13]} h5 {[%clk 0:22:36]} 32. Rd3
{[%clk 0:16:39]} g4 {[%clk 0:17:39]} 33. h4 {[%clk 0:16:58]} Rcd7
{[%clk 0:16:23]} 34. g3 {[%clk 0:17:00]} Rc7 {[%clk 0:14:21]} 35. Bb3
{[%clk 0:14:00]} Bb7 {[%clk 0:13:19]} 36. Bd5 {[%clk 0:05:08]} Bc8
{[%clk 0:12:19]} 37. Kh2 {[%clk 0:05:12]} Rf8 {[%clk 0:08:56]} 38. R1d2
{[%clk 0:03:08]} Rf6 {[%clk 0:07:20]} 39. Qe3 {[%clk 0:02:56]} Rf3
{[%clk 0:07:14]} 40. Qe2 {[%clk 0:32:39]} Rc3 {[%clk 0:33:00]} 41. Rxc3
{[%clk 0:30:31]} Rxc3 {[%clk 0:33:15]} 42. Rc2 {[%clk 0:28:58]} Qc7
{[%clk 0:26:00]} 43. Bb3 {[%clk 0:14:02]} Rxc2 {[%clk 0:24:25]} 44. Qxc2
{[%clk 0:14:18]} Qxc2 {[%clk 0:24:08]} 45. Bxc2 {[%clk 0:14:45]} Bb7
{[%clk 0:23:33]} 46. Kg1 {[%clk 0:14:47]} Kf6 {[%clk 0:19:06]} 47. Kf1
{[%clk 0:14:39]} Bc6 {[%clk 0:15:02]} 48. Ke2 {[%clk 0:14:46]} Bb7
{[%clk 0:15:04]} 49. Ke3 {[%clk 0:15:07]} Bc6 {[%clk 0:15:08]} 50. Bb3
{[%clk 0:15:23]} Bb7 {[%clk 0:14:58]} 51. a4 {[%clk 0:11:37]} Bc6
{[%clk 0:14:01]} 52. axb5 {[%clk 0:05:50]} axb5 {[%clk 0:14:24]} 53. Bd1
{[%clk 0:06:09]} Bd7 {[%clk 0:14:05]} 54. Be2 {[%clk 0:06:21]} Kg7
{[%clk 0:14:23]} 55. Bd3 {[%clk 0:05:19]} Kf6 {[%clk 0:14:18]} 56. Bc2
{[%clk 0:05:29]} Kg7 {[%clk 0:14:39]} 57. Bb3 {[%clk 0:05:47]} Kf6
{[%clk 0:15:01]} 58. Bd5 {[%clk 0:06:09]} Kg7 {[%clk 0:15:22]} 59. f3
{[%clk 0:05:47]} Kf6 {[%clk 0:14:07]} 60. f4 {[%clk 0:04:37]} Kg7
{[%clk 0:14:22]} 61. Bb7 {[%clk 0:03:22]} Kf6 {[%clk 0:14:43]} 62. Ba8
{[%clk 0:03:40]} Kg7 {[%clk 0:15:06]} 63. Bd5 {[%clk 0:04:04]} Kf6
{[%clk 0:15:25]} 64. f5 {[%clk 0:03:34]} Kg7 {[%clk 0:15:46]} 65. Bb3
{[%clk 0:03:38]} Kf6 {[%clk 0:16:09]} 66. Bg8 {[%clk 0:03:51]} Kg7
{[%clk 0:16:32]} 67. Bb3 {[%clk 0:03:38]} Kf6 {[%clk 0:16:57]} 68. Bd1
{[%clk 0:04:02]} Kg7 {[%clk 0:17:21]} 69. Be2 {[%clk 0:04:16]} Kf6
{[%clk 0:17:46]} 70. Bd1 1/2-1/2

[Event "World Chess Olympiad 2018"]
[Site "Batumi"]
[Date "2018.10.03"]
[Round "9"]
[Board "3"]
[WhiteFideId "7400713"]
[White "Smith Shreyas"]
[BlackFideId "2403757"]
[Black "Abdulla Murad"]
[Result "1/2-1/2"]
[LiveChessVersion "1.4.8"]
[BlackElo "2292"]
[WhiteElo "2193"]

1. e4 {[%clk 1:30:56]} c5 {[%clk 1:30:44]} 2. Nf3 {[%clk 1:31:18]} d6
{[%clk 1:31:08]} 3. d4 {[%clk 1:31:42]} cxd4 {[%clk 1:31:33]} 4. Nxd4
{[%clk 1:32:05]} Nf6 {[%clk 1:31:59]} 5. Nc3 {[%clk 1:32:30]} g6 {[%clk 1:31:37]}
6. Be3 {[%clk 1:32:50]} Bg7 {[%clk 1:32:02]} 7. f3 {[%clk 1:33:10]} Nc6
{[%clk 1:32:23]} 8. Qd2 {[%clk 1:33:34]} O-O {[%clk 1:32:45]} 9. O-O-O
{[%clk 1:33:56]} Nxd4 {[%clk 1:29:38]} 10. Bxd4 {[%clk 1:34:18]} Be6
{[%clk 1:30:06]} 11. Kb1 {[%clk 1:34:34]} Qc7 {[%clk 1:29:58]} 12. g4
{[%clk 1:33:29]} Rfc8 {[%clk 1:29:03]} 13. g5 {[%clk 1:30:24]} Nh5
{[%clk 1:22:52]} 14. Bxg7 {[%clk 1:24:51]} Nxg7 {[%clk 1:21:50]} 15. f4
{[%clk 1:23:15]} Qa5 {[%clk 0:49:43]} 16. Nd5 {[%clk 1:20:12]} Qxd2
{[%clk 0:50:04]} 17. Rxd2 {[%clk 1:20:35]} Bxd5 {[%clk 0:49:57]} 18. exd5
{[%clk 1:20:48]} a6 {[%clk 0:48:24]} 19. Bd3 {[%clk 1:07:47]} b5 {[%clk 0:46:01]}
20. Re1 {[%clk 1:02:09]} Kf8 {[%clk 0:46:00]} 21. Re4 {[%clk 1:01:41]} f5
{[%clk 0:25:53]} 22. Rb4 {[%clk 0:52:57]} Rc5 {[%clk 0:22:01]} 23. Be2
{[%clk 0:53:00]} Ne8 {[%clk 0:21:21]} 24. a4 {[%clk 0:49:17]} Nc7
{[%clk 0:17:47]} 25. axb5 {[%clk 0:49:37]} axb5 {[%clk 0:15:05]} 26. c4
{[%clk 0:49:45]} bxc4 {[%clk 0:13:49]} 27. Bxc4 {[%clk 0:50:07]} Rd8
{[%clk 0:06:16]} 28. b3 {[%clk 0:49:32]} e6 {[%clk 0:03:50]} 29. dxe6
{[%clk 0:48:47]} d5 {[%clk 0:02:53]} 30. Rb6 {[%clk 0:16:26]} Re8
{[%clk 0:03:10]} 31. Ba6 {[%clk 0:14:13]} Rxe6 {[%clk 0:02:11]} 32. Rxe6
{[%clk 0:13:35]} Nxe6 {[%clk 0:02:37]} 33. b4 {[%clk 0:13:57]} Rc6
{[%clk 0:01:44]} 34. b5 {[%clk 0:12:47]} Rd6 {[%clk 0:02:12]} 35. Rc2
{[%clk 0:08:09]} Ke7 {[%clk 0:01:25]} 36. Rc8 {[%clk 0:07:47]} d4
{[%clk 0:00:46]} 37. Kc1 {[%clk 0:07:09]} Rb6 {[%clk 0:00:33]} 38. Kd2
{[%clk 0:07:01]} Nxf4 {[%clk 0:00:40]} 39. Rh8 {[%clk 0:07:19]} Nd5
{[%clk 0:00:34]} 40. Rxh7+ {[%clk 0:37:38]} Kd6 {[%clk 0:30:38]} 41. Rh8
{[%clk 0:35:36]} Ke5 {[%clk 0:23:05]} 42. h4 {[%clk 0:35:52]} Nc7
{[%clk 0:05:47]} 43. h5 {[%clk 0:32:29]} gxh5 {[%clk 0:06:04]} 44. Rxh5
{[%clk 0:32:53]} Rg6 {[%clk 0:03:38]} 45. Rh7 {[%clk 0:28:19]} Nd5
{[%clk 0:03:03]} 46. Bb7 {[%clk 0:24:52]} Nb4 {[%clk 0:02:16]} 47. Rh5
{[%clk 0:23:15]} Rg7 {[%clk 0:02:45]} 48. Bh1 {[%clk 0:22:13]} Ra7
{[%clk 0:00:54]} 49. b6 {[%clk 0:20:56]} Ra2+ {[%clk 0:01:21]} 50. Kd1
{[%clk 0:21:13]} Ra1+ {[%clk 0:01:03]} 51. Kd2 {[%clk 0:21:29]} Ra2+
{[%clk 0:01:32]} 52. Kd1 {[%clk 0:21:37]} Ra1+ {[%clk 0:00:42]} 53. Kd2
{[%clk 0:21:48]} Ra2+ {[%clk 0:00:34]} 1/2-1/2

[Event "World Chess Olympiad 2018"]
[Site "Batumi"]
[Date "2018.10.03"]
[Round "9"]
[Board "4"]
[WhiteFideId "2400049"]
[White "McKay Roderick M"]
[BlackFideId "7402074"]
[Black "Christie Joshua"]
[Result "1-0"]
[LiveChessVersion "1.4.8"]
[BlackElo "2198"]
[WhiteElo "2301"]

1. d4 {[%clk 1:30:48]} Nf6 {[%clk 1:30:51]} 2. Nf3 {[%clk 1:31:02]} e6
{[%clk 1:30:47]} 3. a3 {[%clk 1:31:18]} c5 {[%clk 1:30:35]} 4. e3
{[%clk 1:31:16]} d5 {[%clk 1:29:07]} 5. c4 {[%clk 1:31:19]} a6 {[%clk 1:27:23]}
6. Nc3 {[%clk 1:31:11]} cxd4 {[%clk 1:26:01]} 7. exd4 {[%clk 1:31:32]} dxc4
{[%clk 1:25:19]} 8. Bxc4 {[%clk 1:31:50]} b5 {[%clk 1:25:07]} 9. Ba2
{[%clk 1:31:19]} Bb7 {[%clk 1:25:00]} 10. O-O {[%clk 1:31:08]} Be7
{[%clk 1:23:48]} 11. Qe2 {[%clk 1:25:59]} O-O {[%clk 1:21:59]} 12. Rd1
{[%clk 1:25:33]} Nd5 {[%clk 1:19:42]} 13. Ne4 {[%clk 1:25:28]} Nd7
{[%clk 1:18:25]} 14. Neg5 {[%clk 1:04:22]} N7f6 {[%clk 1:15:31]} 15. Ne5
{[%clk 1:02:42]} h6 {[%clk 1:12:08]} 16. Ne4 {[%clk 0:56:13]} Qb6
{[%clk 0:57:58]} 17. Nxf6+ {[%clk 0:55:33]} Nxf6 {[%clk 0:57:06]} 18. Be3
{[%clk 0:54:38]} Rfd8 {[%clk 0:52:07]} 19. Rac1 {[%clk 0:54:01]} Bd5
{[%clk 0:46:19]} 20. Bxd5 {[%clk 0:50:51]} Nxd5 {[%clk 0:41:26]} 21. Qh5
{[%clk 0:49:21]} Nxe3 {[%clk 0:17:46]} 22. Qxf7+ {[%clk 0:49:02]} Kh8
{[%clk 0:15:14]} 23. fxe3 {[%clk 0:43:45]} Bg5 {[%clk 0:14:50]} 24. Qf3
{[%clk 0:27:44]} Kg8 {[%clk 0:12:10]} 25. Rc6 {[%clk 0:21:33]} Qa7
{[%clk 0:11:22]} 26. Rdc1 {[%clk 0:19:52]} Rxd4 {[%clk 0:08:54]} 27. Rc7
{[%clk 0:15:40]} Bxe3+ {[%clk 0:08:08]} 28. Kh1 {[%clk 0:15:46]} Rf8
{[%clk 0:02:28]} 29. Qxf8+ {[%clk 0:13:54]} Kxf8 {[%clk 0:02:46]} 30. Rf1+
{[%clk 0:14:17]} Kg8 {[%clk 0:01:24]} 31. Rxa7 {[%clk 0:14:15]} Rd5
{[%clk 0:00:34]} 32. Ra8+ {[%clk 0:14:37]} Kh7 {[%clk 0:01:03]} 33. Nf3
{[%clk 0:14:24]} Rd6 {[%clk 0:00:32]} 34. g3 {[%clk 0:14:09]} Rc6
{[%clk 0:00:33]} 35. Re1 {[%clk 0:13:23]} Bc1 {[%clk 0:00:42]} 36. Re2
{[%clk 0:13:28]} Rd6 {[%clk 0:00:32]} 37. h4 {[%clk 0:13:24]} Kg6
{[%clk 0:00:40]} 38. Kg2 {[%clk 0:12:44]} Kf6 {[%clk 0:00:36]} 39. Rc8
{[%clk 0:12:46]} Rd1 {[%clk 0:00:32]} 40. Rc6 {[%clk 0:42:59]} a5
{[%clk 0:30:34]} 41. Rexe6+ {[%clk 0:42:48]} Kf7 {[%clk 0:27:58]} 42. Ne5+
{[%clk 0:42:51]} Kg8 {[%clk 0:28:12]} 43. Re8+ {[%clk 0:43:01]} Kh7
{[%clk 0:27:59]} 44. Rcc8 {[%clk 0:42:26]} Rd2+ {[%clk 0:26:54]} 45. Kh3
{[%clk 0:42:41]} 1-0

[Event "World Chess Olympiad 2018"]
[Site "Batumi"]
[Date "2018.10.03"]
[Round "9"]
[Board "1"]
[WhiteFideId "9916148"]
[White "Piyumantha M Sasith Nipun"]
[BlackFideId "6100031"]
[Black "Lacayo Rene"]
[Result "1-0"]
[LiveChessVersion "1.4.8"]
[BlackElo "2228"]
[WhiteElo "2139"]

1. d4 {[%clk 1:30:57]} d5 {[%clk 1:30:10]} 2. c4 {[%clk 1:31:18]} e6
{[%clk 1:30:38]} 3. Nf3 {[%clk 1:31:38]} Nf6 {[%clk 1:30:56]} 4. g3
{[%clk 1:32:00]} dxc4 {[%clk 1:31:23]} 5. Bg2 {[%clk 1:31:34]} Nc6
{[%clk 1:31:32]} 6. Qa4 {[%clk 1:31:55]} Bb4+ {[%clk 1:31:45]} 7. Bd2
{[%clk 1:32:16]} Nd5 {[%clk 1:31:35]} 8. Bxb4 {[%clk 1:32:37]} Ndxb4
{[%clk 1:32:03]} 9. O-O {[%clk 1:32:52]} Bd7 {[%clk 1:30:51]} 10. Ne5
{[%clk 1:30:07]} O-O {[%clk 1:09:32]} 11. Nxc6 {[%clk 1:21:28]} Nxc6
{[%clk 1:09:32]} 12. Qxc4 {[%clk 1:21:47]} Ne7 {[%clk 0:41:30]} 13. Nc3
{[%clk 1:18:19]} Bc6 {[%clk 0:40:42]} 14. e4 {[%clk 1:18:48]} Qd6
{[%clk 0:38:02]} 15. Rfe1 {[%clk 1:13:50]} Rab8 {[%clk 0:23:54]} 16. a4
{[%clk 1:10:00]} a6 {[%clk 0:17:08]} 17. a5 {[%clk 0:56:17]} b5 {[%clk 0:12:53]}
18. axb6 {[%clk 0:56:39]} Rxb6 {[%clk 0:13:17]} 19. Rxa6 {[%clk 0:54:27]} Rxa6
{[%clk 0:13:05]} 20. Qxa6 {[%clk 0:54:47]} Qxd4 {[%clk 0:13:17]} 21. Qa5
{[%clk 0:50:48]} Qb6 {[%clk 0:09:41]} 22. Qxb6 {[%clk 0:51:04]} cxb6
{[%clk 0:10:10]} 23. Rd1 {[%clk 0:51:32]} Rc8 {[%clk 0:08:04]} 24. Rd6
{[%clk 0:51:50]} Kf8 {[%clk 0:07:36]} 25. Bf1 {[%clk 0:51:25]} Ke8
{[%clk 0:04:36]} 26. Nb5 {[%clk 0:49:54]} Rb8 {[%clk 0:02:28]} 27. f3
{[%clk 0:48:36]} g5 {[%clk 0:02:57]} 28. b4 {[%clk 0:43:10]} g4 {[%clk 0:01:59]}
29. Nc7+ {[%clk 0:43:29]} Kf8 {[%clk 0:02:27]} 30. b5 {[%clk 0:43:54]} Bb7
{[%clk 0:01:33]} 31. Na6 {[%clk 0:43:55]} Nc8 {[%clk 0:01:04]} 32. Rd7
{[%clk 0:41:57]} Bxa6 {[%clk 0:00:45]} 33. bxa6 {[%clk 0:42:21]} Ra8
{[%clk 0:00:37]} 34. fxg4 {[%clk 0:42:31]} Kg7 {[%clk 0:00:38]} 35. Rd8
{[%clk 0:42:05]} Kf6 {[%clk 0:01:01]} 36. Re8 {[%clk 0:41:42]} Ke5
{[%clk 0:01:06]} 37. Rd8 {[%clk 0:39:01]} Kf6 {[%clk 0:01:11]} 38. e5+
{[%clk 0:37:42]} Kxe5 {[%clk 0:00:52]} 39. Bg2 {[%clk 0:38:05]} Rxa6
{[%clk 0:01:19]} 40. Rxc8 {[%clk 1:08:29]} Ra1+ {[%clk 0:31:26]} 41. Bf1
{[%clk 1:08:40]} 1-0

[Event "World Chess Olympiad 2018"]
[Site "Batumi"]
[Date "2018.10.03"]
[Round "9"]
[Board "2"]
[WhiteFideId "6100775"]
[White "Rocha Maximiliano"]
[BlackFideId "9912053"]
[Black "Thilakarathne G M H"]
[Result "0-1"]
[LiveChessVersion "1.4.8"]
[BlackElo "2238"]
[WhiteElo "2185"]

1. e4 {[%clk 1:30:49]} c5 {[%clk 1:30:51]} 2. Nf3 {[%clk 1:31:13]} d6
{[%clk 1:31:11]} 3. Bc4 {[%clk 1:31:21]} Nf6 {[%clk 1:29:22]} 4. d3
{[%clk 1:30:42]} e6 {[%clk 1:29:06]} 5. Bb3 {[%clk 1:29:30]} Be7 {[%clk 1:28:31]}
6. c3 {[%clk 1:29:50]} Nbd7 {[%clk 1:27:56]} 7. O-O {[%clk 1:29:59]} a6
{[%clk 1:27:23]} 8. Qe2 {[%clk 1:28:35]} b5 {[%clk 1:26:01]} 9. d4
{[%clk 1:28:48]} cxd4 {[%clk 1:23:56]} 10. Nxd4 {[%clk 1:20:32]} Qb6
{[%clk 1:13:59]} 11. Be3 {[%clk 1:18:18]} Nc5 {[%clk 1:11:55]} 12. Bc2
{[%clk 1:18:37]} Qc7 {[%clk 1:11:48]} 13. Bg5 {[%clk 1:15:02]} e5
{[%clk 0:50:43]} 14. Nf5 {[%clk 1:05:41]} Bxf5 {[%clk 0:50:56]} 15. exf5
{[%clk 1:06:10]} O-O {[%clk 0:47:31]} 16. Nd2 {[%clk 1:06:18]} Nd5
{[%clk 0:40:03]} 17. Ne4 {[%clk 0:51:04]} Bxg5 {[%clk 0:38:15]} 18. Nxg5
{[%clk 0:51:13]} Nf6 {[%clk 0:38:02]} 19. Rad1 {[%clk 0:46:00]} d5
{[%clk 0:32:50]} 20. Nf3 {[%clk 0:42:17]} Rfe8 {[%clk 0:30:38]} 21. Rfe1
{[%clk 0:42:40]} Ncd7 {[%clk 0:26:57]} 22. h3 {[%clk 0:38:36]} h6
{[%clk 0:25:24]} 23. Bb3 {[%clk 0:37:34]} e4 {[%clk 0:23:30]} 24. Nh2
{[%clk 0:35:37]} Qe5 {[%clk 0:20:27]} 25. g4 {[%clk 0:34:58]} Nc5
{[%clk 0:17:11]} 26. Bc2 {[%clk 0:33:22]} Rab8 {[%clk 0:14:15]} 27. Qe3
{[%clk 0:32:33]} Ncd7 {[%clk 0:13:38]} 28. f4 {[%clk 0:30:31]} exf3
{[%clk 0:12:49]} 29. Qxe5 {[%clk 0:30:45]} Nxe5 {[%clk 0:13:11]} 30. Kf2
{[%clk 0:30:35]} Nc4 {[%clk 0:11:19]} 31. Nxf3 {[%clk 0:22:40]} Nxb2
{[%clk 0:11:20]} 32. Rxe8+ {[%clk 0:21:34]} Rxe8 {[%clk 0:11:38]} 33. Rd4
{[%clk 0:22:03]} Rc8 {[%clk 0:09:06]} 34. Bb3 {[%clk 0:21:44]} Nc4
{[%clk 0:07:58]} 35. Bxc4 {[%clk 0:18:07]} bxc4 {[%clk 0:08:15]} 36. Ke3
{[%clk 0:18:06]} Re8+ {[%clk 0:04:47]} 37. Kf4 {[%clk 0:17:32]} Re4+
{[%clk 0:04:34]} 38. Kg3 {[%clk 0:11:01]} Rxd4 {[%clk 0:04:10]} 39. cxd4
{[%clk 0:11:24]} Ne4+ {[%clk 0:04:13]} 40. Kf4 {[%clk 0:41:52]} f6
{[%clk 0:33:03]} 41. Ne1 {[%clk 0:42:01]} Kf7 {[%clk 0:28:17]} 42. Nc2
{[%clk 0:42:27]} a5 {[%clk 0:25:18]} 43. h4 {[%clk 0:40:37]} Ke7 {[%clk 0:23:30]}
44. Ne3 {[%clk 0:40:57]} Nc3 {[%clk 0:23:18]} 45. a3 {[%clk 0:41:06]} Ne2+
{[%clk 0:23:40]} 0-1

[Event "World Chess Olympiad 2018"]
[Site "Batumi"]
[Date "2018.10.03"]
[Round "9"]
[Board "3"]
[WhiteFideId "9910760"]
[White "Doluweera Minul Sanjula"]
[BlackFideId "6100457"]
[Black "Alfaro William"]
[Result "0-1"]
[LiveChessVersion "1.4.8"]
[BlackElo "2163"]
[WhiteElo "2171"]

1. d4 {[%clk 1:30:55]} Nf6 {[%clk 1:27:55]} 2. Bg5 {[%clk 1:31:13]} d5
{[%clk 1:27:08]} 3. Bxf6 {[%clk 1:31:12]} gxf6 {[%clk 1:25:43]} 4. e3
{[%clk 1:29:17]} c5 {[%clk 1:25:45]} 5. Nf3 {[%clk 1:23:15]} Nc6 {[%clk 1:23:11]}
6. c4 {[%clk 1:15:22]} cxd4 {[%clk 1:07:04]} 7. exd4 {[%clk 1:15:23]} Bg4
{[%clk 0:57:28]} 8. cxd5 {[%clk 1:06:49]} Qxd5 {[%clk 0:57:15]} 9. Be2
{[%clk 1:04:38]} O-O-O {[%clk 0:43:33]} 10. Nc3 {[%clk 1:02:58]} Qa5
{[%clk 0:43:54]} 11. Qb3 {[%clk 0:46:43]} Qb4 {[%clk 0:38:52]} 12. Qxf7
{[%clk 0:23:17]} Bh6 {[%clk 0:30:47]} 13. O-O {[%clk 0:22:01]} Kb8
{[%clk 0:24:34]} 14. a3 {[%clk 0:19:29]} Qxb2 {[%clk 0:21:30]} 15. Qc4
{[%clk 0:17:46]} Bxf3 {[%clk 0:19:10]} 16. Bxf3 {[%clk 0:11:00]} Nxd4
{[%clk 0:19:30]} 17. Bxb7 {[%clk 0:11:03]} Qxc3 {[%clk 0:19:53]} 18. Qf7
{[%clk 0:04:35]} Kxb7 {[%clk 0:19:54]} 19. Qxe7+ {[%clk 0:04:57]} Ka8
{[%clk 0:19:36]} 20. Rab1 {[%clk 0:05:22]} Qc6 {[%clk 0:20:04]} 21. Kh1
{[%clk 0:04:32]} Rd7 {[%clk 0:14:55]} 22. Qb4 {[%clk 0:04:30]} Rhd8
{[%clk 0:15:10]} 23. Rfd1 {[%clk 0:04:20]} Bf8 {[%clk 0:13:18]} 24. Qa5
{[%clk 0:04:15]} Bc5 {[%clk 0:11:06]} 25. Rdc1 {[%clk 0:03:07]} Nb3
{[%clk 0:09:37]} 0-1